|
|
|
|
| LEADER |
00000cam a2200000 i 4500 |
| 003 |
Ucuenca |
| 005 |
20230308230311.0 |
| 006 |
a||||gr|||| 00| 0 |
| 007 |
ta |
| 008 |
181115b1992 ec ||||| |||| 00| 0 spa a |
| 020 |
|
|
|a 9978-82-220-8
|
| 040 |
|
|
|b spa
|a UCuenca-cdrjbv
|c UCuenca
|e rda
|
| 041 |
0 |
|
|a spa
|
| 082 |
0 |
|
|a 306.86
|c 351110
|2 22
|
| 100 |
1 |
|
|a León, Ninfa
|9 230935
|e autor
|
| 245 |
1 |
3 |
|a El arte de diferenciar:
|b diálogos con César Verdugo /
|c Ninfa León.
|
| 250 |
|
|
|a Primera edición.
|
| 264 |
|
1 |
|a Quito:
|b Fundación Grupo Esquel Ecuador,
|c 1992.
|
| 300 |
|
|
|a 140 páginas:
|c 21 cm
|
| 336 |
|
|
|2 rdacontent
|a texto
|b txt
|
| 337 |
|
|
|2 rdamedia
|a no mediado
|b n
|
| 338 |
|
|
|2 rdacarrier
|a volumen
|b nc
|
| 505 |
0 |
|
|a El quehacer de la política -- La estadolatría y la sociedad civil -- El entorno mundial y el reto de la integración -- Las distintas percepciones del desarrollo -- El paso por el poder --Entre la ensoñación y la acción.
|
| 650 |
1 |
0 |
|a Cultura
|9 146
|
| 650 |
1 |
7 |
|9 29962
|a Dialogo
|2 UCuenca-cdrjbv
|
| 942 |
|
|
|2 ddc
|c BK
|z bladimir.cabrerar@ucuenca.edu.ec
|r pablo.criollo@ucuenca.edu.ec
|
| 999 |
|
|
|c 156057
|d 156057
|